Transport & Logistics : Výskum, výroba a použitie oceľových lán a dopravníkov. XIV. medzinárodná konferencia. Podhájske 17.-20.10.2006
Salvato in:
| Natura: | Periodico |
|---|---|
| Pubblicazione: |
Košice :
Technická univerzita v Košiciach,
2006
|
| Tags: |
Nessun Tag, puoi essere il primo ad aggiungerne!!
|
MARC
| LEADER | 00000nas a22000003a 4500 | ||
|---|---|---|---|
| 001 | stu133037 | ||
| 005 | 20150408163121.4 | ||
| 008 | 061220s2006----xo----------------------d | ||
| 040 | |a STU |b slo | ||
| 041 | 0 | ||
| 044 | |a xo | ||
| 245 | |a Transport & Logistics : |b Výskum, výroba a použitie oceľových lán a dopravníkov. XIV. medzinárodná konferencia. Podhájske 17.-20.10.2006 | ||
| 260 | |a Košice : |b Technická univerzita v Košiciach, |c 2006 | ||
| 773 | 0 | |t Transport & Logistics : |w stu_us_cat*stu133036 |x 1451-107X |7 nnas | |
| 996 | |b 284M074464 |c M*CD-937 |d Mimoriadne číslo, 2006 |v Mimoriadne číslo |y 2006 |l MMKN |s A |a 24 |w stu133037_0001 | ||